[Event "Pobeskydi Open 2012"]
[Site "Frydek Mistek CZE"]
[Date "2012.04.06"]
[Round "3"]
[White "Kociscak,J"]
[Black "Motycakova,M"]
[Result "1-0"]
[WhiteElo "2340"]
[BlackElo "2087"]

1.d4 d5 2.c4 c6 3.Nc3 Nf6 4.e3 e6 5.Nf3 Nbd7 6.Bd3 dxc4 7.Bxc4 b5 8.Be2 Bb7
9.e4 b4 10.e5 bxc3 11.exf6 cxb2 12.fxg7 bxa1=Q 13.gxh8=Q Qa5+ 14.Bd2 Qxd1+
15.Bxd1 Qf5 16.O-O O-O-O 17.Qg8 Be7 18.Qg3 Nf6 19.Qe5 Qxe5 20.Nxe5 Ne4 21.Be3 f6
22.Nf7 Rf8 23.Bb3 Kd7 24.Nh6 Ba6 25.Rc1 f5 26.Bxe6+ Kxe6 27.Rxc6+ Bd6 28.Rxa6 f4
29.Bc1 f3 30.gxf3 Rxf3 31.Be3 Rh3 32.Ng4 Nc3 33.Kg2 Rh5 34.Ne5 Nd5 35.Nc4 Nb6
36.Nxd6 Kxd6 37.Rxa7  1-0

[Event "39th La Roda Open"]
[Site "La Roda ESP"]
[Date "2012.04.06"]
[Round "4"]
[White "Del Rey,D"]
[Black "Korneev,O"]
[Result "1/2-1/2"]
[WhiteElo "2372"]
[BlackElo "2597"]

1.d4 d5 2.c4 e6 3.Nf3 Nf6 4.Nc3 c6 5.e3 Nbd7 6.Qc2 Bd6 7.Bd3 O-O 8.O-O dxc4
9.Bxc4 b5 10.Be2 Bb7 11.Rd1 Qc7 12.e4 e5 13.Bg5 exd4 14.Rxd4 Bc5 15.Rd2 Ng4
16.Bh4 Rfe8 17.Bg3 Qb6 18.Rf1 Nde5 19.Nxe5 Nxe5 20.Kh1 Ng6 21.f4 Be3 22.Rd6 Rac8
23.Bg4 Rcd8 24.Nd5 Qc5 25.Rxd8 Rxd8 26.Nxe3 Qxe3 27.Re1 Qd2 28.Qxd2 Rxd2
29.f5 Ne7 30.Rd1 Rxd1+ 31.Bxd1 c5 32.Bd6 Nc8 33.Bxc5 Bxe4 34.Be2 Bc6 35.Kg1 f6
36.Bh5 Bd7  1/2-1/2

[Event "39th La Roda Open"]
[Site "La Roda ESP"]
[Date "2012.04.07"]
[Round "7"]
[White "Cruz,Cr"]
[Black "Ladron de Guevara Pinto,P"]
[Result "1-0"]
[WhiteElo "2508"]
[BlackElo "2332"]

1.d4 d5 2.c4 c6 3.Nf3 Nf6 4.Nc3 e6 5.e3 Nbd7 6.Qc2 Bd6 7.b3 O-O 8.Be2 Re8
9.O-O dxc4 10.Bxc4 b5 11.Bd3 Bb7 12.Ne4 Nxe4 13.Bxe4 h6 14.Bb2 Rc8 15.Rfd1 Qc7
16.Qd2 a5 17.Rac1 Bb4 18.Qe2 Qd6 19.Ne1 Qb8 20.Bb1 Bd6 21.h3 b4 22.Qc2 g6
23.Qe4 Bf8 24.Qh4 Bg7 25.Nd3 Rcd8 26.Nc5 Nxc5 27.Rxc5 Rd5 28.Rdc1 Qd6 29.Be4 Rxc5
30.Rxc5 Ra8 31.f4 Bf8 32.Qg3 Kh7 33.Qf3 Qc7 34.f5 Bxc5 35.fxg6+ fxg6 36.dxc5 Qe7
37.h4 Rg8 38.h5 Ba6 39.Qg3 Qf7 40.Qe5  1-0

[Event "Semana Santa LAB Open"]
[Site "Bogota COL"]
[Date "2012.04.08"]
[Round "8"]
[White "Cespedes,Ja"]
[Black "Corredor Castellanos,Camilo"]
[Result "1-0"]
[WhiteElo "2190"]
[BlackElo "1858"]

1.d4 d5 2.c4 c6 3.Nc3 Nf6 4.e3 e6 5.Nf3 Nbd7 6.cxd5 cxd5 7.Bd3 Be7 8.O-O O-O
9.e4 Nxe4 10.Nxe4 dxe4 11.Bxe4 Nf6 12.Bd3 b6 13.Ne5 Bb7 14.Be3 Ne4 15.Qh5 Nf6
16.Qh3 Be4 17.Bc4 Bf5 18.Qf3 Qd6 19.Nxf7 Kxf7 20.Qxf5 Rac8 21.Qd3 Kg8 22.Rac1 Kh8
23.Ba6 Rcd8 24.Qb5 Ng4 25.g3 Rf5 26.Qc6 Qxc6 27.Rxc6 e5 28.dxe5 Nxe5 29.Rc7 Rd7
30.Rfc1 Bd8 31.Rxd7 Nxd7 32.Rc8 Rf8 33.Rc6 Nc5 34.Bxc5 bxc5 35.Rxc5 Bf6 36.Rc2 Bd4
37.Kg2 Bb6 38.f4 g6 39.Rc8 Rxc8 40.Bxc8 Kg7 41.Kf3 Kf6 42.g4  1-0

[Event "Pobeskydi Open 2012"]
[Site "Frydek Mistek CZE"]
[Date "2012.04.08"]
[Round "8"]
[White "Kociscak,J"]
[Black "Macicek,Jak"]
[Result "1-0"]
[WhiteElo "2340"]
[BlackElo "2171"]

1.d4 d5 2.c4 c6 3.Nc3 Nf6 4.e3 e6 5.Nf3 Nbd7 6.Qc2 Bd6 7.Bd3 dxc4 8.Bxc4 b5
9.Be2 Bb7 10.O-O O-O 11.Rd1 Qc7 12.e4 e5 13.g3 Rfe8 14.dxe5 Nxe5 15.Bg5 Nxf3+
16.Bxf3 Re6 17.Rac1 Qe7 18.Bg2 h6 19.Bxf6 Rxf6 20.f4 Bc5+ 21.Kh1 Be3 22.e5 Re6
23.Rb1 b4 24.Ne4 c5 25.Nd6 Bxg2+ 26.Qxg2 Rd8 27.Nf5  1-0

[Event "Pobeskydi IM 2012"]
[Site "Frydek Mistek CZE"]
[Date "2012.04.08"]
[Round "8"]
[White "Svana,P"]
[Black "Dmitrenko,V"]
[Result "0-1"]
[WhiteElo "2274"]
[BlackElo "2361"]

1.d4 d5 2.c4 c6 3.Nc3 Nf6 4.Nf3 e6 5.e3 Nbd7 6.b3 Bb4 7.Bd2 O-O 8.a3 Bd6
9.cxd5 exd5 10.Qc2 Re8 11.Bd3 Qe7 12.b4 Ne4 13.Bxe4 dxe4 14.Ng1 Qg5 15.g3 Nf6
16.h4 Qh5 17.Nce2 Nd5 18.Bc3 Bg4 19.Bb2 Re6 20.Nh3 Bf3 21.Rg1 Rf6 22.Ng5 Re8
23.Nc3 Qg4 24.Nxd5 cxd5 25.Qa4 Rc8 26.Rc1 Rxc1+ 27.Bxc1 Qc8 28.Kd2 Bg4 29.f4 exf3
30.e4 f2 31.Rf1 Bxg3 32.exd5 Bf4+ 33.Kd3 Bxc1 34.Rxc1 f1=Q+  0-1

[Event "Karposh Open 2012"]
[Site "Skopje MKD"]
[Date "2012.04.08"]
[Round "2.15"]
[White "Andonovski,L"]
[Black "Georgiev,Vl"]
[Result "0-1"]
[WhiteElo "2291"]
[BlackElo "2531"]

1.d4 Nf6 2.c4 e6 3.Nf3 d5 4.Nc3 c6 5.e3 a6 6.b3 Bb4 7.Bd2 Nbd7 8.Bd3 O-O
9.O-O Qe7 10.Qc2 dxc4 11.bxc4 e5 12.Ne4 Bxd2 13.Nfxd2 Rd8 14.c5 Nd5 15.Nd6 Nf8
16.Nf3 exd4 17.exd4 Nf4 18.Bc4 Be6 19.Rfe1 Qf6 20.Ne5 N8g6 21.Nexf7 Rf8 22.Ne5 Bxc4
23.Qxc4+ Nd5 24.Ne4 Qf5 25.Nxg6 Qxg6 26.Nd6 b5 27.Qe2 Nf4 28.Qf3 Kh8 29.Re4 Qf6
30.Rf1 a5 31.Re5 Qg6 32.Qg3 Qc2 33.Qe3 Qxa2 34.Re7 Qd5 35.f3 a4 36.g3 Ng6
37.Rb7 a3 38.f4 a2 39.Ra1 Ra4 40.Rd7 Kg8 41.f5 Rb4 42.Qc1 Qxd4+ 43.Kg2 Nh4+
44.gxh4 Qg4+  0-1

[Event "Karposh Open 2012"]
[Site "Skopje MKD"]
[Date "2012.04.08"]
[Round "3.20"]
[White "Kastelic,M"]
[Black "Potapov,P"]
[Result "0-1"]
[WhiteElo "2286"]
[BlackElo "2473"]

1.d4 d5 2.Nf3 Nf6 3.c4 c6 4.Nc3 e6 5.e3 Nbd7 6.a3 Bd6 7.c5 Bc7 8.b4 O-O 9.Be2 e5
10.Bb2 e4 11.Nh4 Re8 12.g3 Nf8 13.Ng2 Bf5 14.Qc2 Qd7 15.O-O-O Bg4 16.Bxg4 Qxg4
17.h3 Qd7 18.Kb1 b6 19.Na4 Rec8 20.Rc1 Rab8 21.Ka2 Ne6 22.Qe2 Ng5 23.h4 Nf3
24.Rc2 Re8 25.Ne1 b5 26.Nc3 a5 27.Kb3 Qf5 28.Nxf3 exf3 29.Qd2 Ne4 30.Nxe4 dxe4
31.d5 Red8 32.Rd1 Rxd5 33.Qc1 Rd3+  0-1

[Event "Karposh Open 2012"]
[Site "Skopje MKD"]
[Date "2012.04.08"]
[Round "3.5"]
[White "Kozul,Z"]
[Black "Berescu,A"]
[Result "0-1"]
[WhiteElo "2602"]
[BlackElo "2494"]

1.d4 d5 2.c4 c6 3.e3 Nf6 4.Nc3 e6 5.Nf3 Nbd7 6.Qc2 Bd6 7.b3 O-O 8.Be2 a6
9.O-O e5 10.cxd5 cxd5 11.dxe5 Nxe5 12.Bb2 Be6 13.Rad1 Rc8 14.Qb1 Nfg4 15.Nxe5 Bxe5
16.Bxg4 Qh4 17.f4 Bxc3 18.Bf3 Qf6 19.Bxc3 Rxc3 20.e4 dxe4 21.Bxe4 h6 22.Qb2 Bc8
23.Rf3 Rd3 24.Rb1 Rd1+ 25.Rf1 Rxf1+ 26.Kxf1 Qxf4+ 27.Bf3 Qxh2 28.Rd1 Re8
29.Qd4 Bf5 30.Bxb7 Bc2 31.Ra1 Bd3+ 32.Qxd3 Qh1+ 33.Kf2 Qxa1 34.Bxa6 Qxa2+
35.Kf3 Qa5 36.Bc4 Qh5+ 37.Kf2 Qh4+ 38.Kf3 Qf6+ 39.Kg3 Re5 40.Qf3 Rg5+  0-1

[Event "FSIM April 2012"]
[Site "Budapest HUN"]
[Date "2012.04.10"]
[Round "4"]
[White "Szeberenyi,A"]
[Black "Melkonian,V"]
[Result "1-0"]
[WhiteElo "2305"]
[BlackElo "2230"]

1.d4 d5 2.c4 e6 3.Nf3 Nf6 4.Nc3 c6 5.e3 Nbd7 6.Qc2 Bd6 7.Bd3 dxc4 8.Bxc4 e5
9.O-O O-O 10.Rd1 Qc7 11.g3 b5 12.Be2 Bb7 13.a3 a6 14.e4 Rfe8 15.Bg5 exd4
16.Nxd4 Be5 17.Nf5 c5 18.Nd5 Nxd5 19.exd5 Nb6 20.Bf3 Nc4 21.d6 Nxd6 22.Nxd6 Bxf3
23.Nxe8 Rxe8 24.Re1 Bb7 25.f3 Bxf3 26.Bf4 Bb7 27.h4 Qc6 28.Kh2 Bxf4 29.gxf4 Rc8
30.Re3 Qh6 31.Qf2 f5 32.Rd1 Be4 33.Qg3  1-0

[Event "Karposh Open 2012"]
[Site "Skopje MKD"]
[Date "2012.04.10"]
[Round "5.1"]
[White "Arsovic,G"]
[Black "Georgiev,Ki"]
[Result "0-1"]
[WhiteElo "2422"]
[BlackElo "2671"]

1.d4 Nf6 2.Nf3 e6 3.c4 d5 4.Nc3 c6 5.e3 Nbd7 6.Bd2 Bd6 7.Bd3 O-O 8.O-O dxc4
9.Bxc4 a6 10.a4 c5 11.Qe2 b6 12.dxc5 Bxc5 13.e4 Bb7 14.Bf4 Bb4 15.Na2 Bc5
16.Nc3 Nh5 17.Bg5 Qc7 18.Rad1 h6 19.Bc1 Rfd8 20.Nd4 Nhf6 21.Nb3 Bb4 22.f3 Rdc8
23.Bd3 Bxc3 24.bxc3 Qxc3 25.Qa2 Bc6 26.Be2 Nc5 27.Nxc5 Qxc5+ 28.Kh1 Qb4 29.Bb2 Qxa4  0-1

[Event "19th TCh-RUS 2012"]
[Site "Sochi RUS"]
[Date "2012.04.10"]
[Round "2"]
[White "Babiy,A"]
[Black "Ananikian,A"]
[Result "1/2-1/2"]
[WhiteElo "2452"]
[BlackElo "2096"]

1.Nf3 d5 2.d4 Nf6 3.c4 c6 4.Nc3 e6 5.e3 Nbd7 6.Qc2 Bd6 7.Bd3 O-O 8.O-O dxc4
9.Bxc4 e5 10.Bb3 Qc7 11.Bd2 exd4 12.exd4 Nb6 13.h3 Bf4 14.Rfe1 Bxd2 15.Qxd2 Bf5
16.Re5 Bg6 17.Rae1 Rfe8 18.Qf4 Qd7 19.g4 Rad8 20.h4 Nfd5 21.Rxe8+ Rxe8 22.Rxe8+ Qxe8
23.Qd6 h5 24.Qe5 Qc8 25.g5 Qg4+ 26.Qg3 Qxg3+ 27.fxg3 Bf5 28.Kf2 Kf8 29.Bxd5 Nxd5
30.Nxd5 cxd5 31.Ke3 Ke7 32.Kf4 Ke6 33.Nd2 Bc2 34.Nf1 Bf5 35.Ne3 Bd3 36.Nd1 Bc4
37.Nc3 Bd3 38.b3 g6 39.Ke3 Bf1 40.Kf4 Bd3 41.a3 Bf1 42.Na4 b6 43.Nc3 Bd3
44.b4 Bf1 45.Nb1 Bd3 46.Nd2 Be2 47.Nb1 Bd3 48.Nc3 Bc4 49.Nd1 Bd3 50.Nf2 Bf5  1/2-1/2

[Event "2nd Women Masters"]
[Site "Jiangsu Wuxi CHN"]
[Date "2012.04.11"]
[Round "2"]
[White "Khotenashvili,B"]
[Black "Muzychuk,M"]
[Result "1-0"]
[WhiteElo "2490"]
[BlackElo "2490"]

1.d4 d5 2.c4 c6 3.e3 Nf6 4.Nc3 e6 5.Nf3 Nbd7 6.Qc2 Bd6 7.g4 h6 8.Rg1 dxc4
9.Bxc4 b5 10.Be2 Bb7 11.e4 e5 12.Be3 exd4 13.Nxd4 Bxh2 14.Rh1 Qc7 15.g5 Nh7
16.g6 fxg6 17.e5 Bxe5 18.Qxg6+ Ke7 19.Nf5+ Kd8 20.Nxg7 Qa5 21.O-O-O Nf6 22.Bg5 Kc7
23.Ne6+ Kb6 24.Be3+ Ka6 25.Rxd7 Nxd7 26.Bxb5+ Qxb5 27.Nxb5 Bc8 28.Nbc7+ Kb7
29.Nxa8  1-0

[Event "Karposh Open 2012"]
[Site "Skopje MKD"]
[Date "2012.04.11"]
[Round "6.2"]
[White "Markus,Rob"]
[Black "Berescu,A"]
[Result "1-0"]
[WhiteElo "2625"]
[BlackElo "2494"]

1.d4 d5 2.c4 c6 3.Nc3 Nf6 4.e3 e6 5.Nf3 Nbd7 6.Qc2 Bd6 7.Bd3 O-O 8.O-O dxc4
9.Bxc4 b5 10.Bd3 Bb7 11.Ng5 h6 12.Nge4 Be7 13.Rd1 Qb8 14.a3 Rc8 15.Qe2 a6
16.b4 a5 17.Rb1 axb4 18.axb4 e5 19.Bc2 Re8 20.Qf3 Qc7 21.Qg3 Nh5 22.Qh3 Nhf6
23.dxe5 Nxe5 24.Nxf6+ Bxf6 25.Ne4 Qe7 26.Bb2 Bc8 27.Nxf6+ Qxf6 28.Qg3 Bf5
29.e4 Bg4 30.Bxe5  1-0

[Event "Karposh Open 2012"]
[Site "Skopje MKD"]
[Date "2012.04.11"]
[Round "6.47"]
[White "Ratkovic,Miloj"]
[Black "Temkov,B"]
[Result "1-0"]
[WhiteElo "2186"]
[BlackElo "1952"]

1.d4 d5 2.c4 c6 3.Nc3 Nf6 4.e3 e6 5.Nf3 dxc4 6.Bxc4 Nbd7 7.Qc2 b5 8.Be2 Bb7
9.a3 a6 10.b4 Nd5 11.O-O Be7 12.e4 Nxc3 13.Qxc3 O-O 14.Bd3 Re8 15.Be3 Rc8
16.Rad1 Bf6 17.Qc1 g6 18.Bb1 Bg7 19.Bh6 Qe7 20.Bxg7 Kxg7 21.Qc3 Kg8 22.Rfe1 Nb6
23.Ne5 Rc7 24.Bc2 f6 25.Nd3 Kg7 26.Nc5 Bc8 27.Bb3 Qd8 28.Re3 Rce7 29.Red3 Qc7
30.Rc1 Qb8 31.Rf3 Qa8 32.a4 Nd7 33.axb5 Nxc5 34.dxc5 e5 35.b6 Rd8 36.Rd3 Rxd3
37.Qxd3 Rd7 38.Qc4 Bb7 39.h3 Qc8 40.Kh2 Kh6 41.Re1 Rd4 42.Qf7 Rxb4 43.Be6 Qb8
44.Qxf6 Rd4 45.Qh4+ Kg7 46.Qe7+ Kh6 47.Qc7 Rd8 48.Ra1 Re8 49.Bd7 Rf8 50.Rb1 Qa8
51.Bxc6 Bxc6 52.b7 Bxb7 53.Rxb7 Rxf2 54.Qxh7+ Kg5 55.Kg3 Rxg2+ 56.Kxg2 Kf4
57.Qh4+ Ke3 58.Qf2+ Kxe4 59.Qf3+  1-0

[Event "Karposh Open 2012"]
[Site "Skopje MKD"]
[Date "2012.04.11"]
[Round "6.39"]
[White "Ratkovic,Milov"]
[Black "Georgievski,V"]
[Result "1-0"]
[WhiteElo "2183"]
[BlackElo "2273"]

1.d4 d5 2.c4 c6 3.Nc3 Nf6 4.e3 e6 5.Nf3 Nbd7 6.Qc2 Be7 7.Be2 O-O 8.O-O b6
9.e4 dxe4 10.Nxe4 Bb7 11.Rd1 Qc7 12.Nxf6+ Nxf6 13.c5 Rfd8 14.Bg5 bxc5 15.dxc5 Qa5
16.b4 Qc7 17.Rxd8+ Rxd8 18.Rd1 Rxd1+ 19.Qxd1 Nd5 20.Bxe7 Qxe7 21.Qd4 f6 22.Bd3 Bc8
23.Be4 Qb7 24.Bxd5 cxd5 25.a4 a6 26.Qc3 Qc6 27.b5 axb5 28.Nd4 Qa6 29.axb5 Qa4
30.h3 e5 31.Nc6 d4 32.Qf3 Be6 33.b6  1-0

[Event "Karposh Open 2012"]
[Site "Skopje MKD"]
[Date "2012.04.12"]
[Round "7.5"]
[White "Georgiev,Vl"]
[Black "Mastrovasilis,D"]
[Result "1/2-1/2"]
[WhiteElo "2531"]
[BlackElo "2631"]

1.d4 d5 2.c4 e6 3.Nc3 c6 4.e3 Nf6 5.Nf3 Nbd7 6.Qc2 b6 7.b3 Bb7 8.Bd3 Bd6
9.O-O O-O 10.Bb2 h6 11.Rad1 Qc7 12.cxd5 cxd5 13.Qe2 a6 14.Rc1 Qb8 15.Na4 Rc8
16.Rxc8+ Qxc8 17.h3  1/2-1/2

[Event "FSGM April 2012"]
[Site "Budapest HUN"]
[Date "2012.04.13"]
[Round "7"]
[White "Rajlich,I"]
[Black "Fodor,T jr"]
[Result "1-0"]
[WhiteElo "2422"]
[BlackElo "2482"]

1.d4 d5 2.c4 c6 3.e3 Nf6 4.Nc3 e6 5.Nf3 Nbd7 6.Bd3 dxc4 7.Bxc4 b5 8.Bd3 Bd6
9.e4 e5 10.Bg5 exd4 11.Nxd4 Ne5 12.Bc2 h6 13.Bh4 O-O 14.O-O b4 15.Nce2 Ng6
16.Bg3 Bxg3 17.Nxg3 c5 18.Ndf5 Ba6 19.Re1 Re8 20.a3 bxa3 21.Rxa3 Qb6 22.Qc1 Bc8
23.Ba4 Rf8 24.Rb3 Qc7 25.Rc3 Bxf5 26.Rxc5 Qb6 27.Nxf5 Rab8 28.b3 Rfd8 29.Rb5 Qe6
30.Nd4 Qd6 31.Rxb8 Rxb8 32.Nf3 Ng4 33.Qd2 Qf6 34.Rd1 Nf4 35.h3 Ne5 36.Nxe5 Qxe5
37.Qd6 Ne2+ 38.Kf1 Qxd6 39.Rxd6 Nc1 40.Rd2 Rb4 41.Rd8+ Kh7 42.Be8 Rb7 43.Bc6 Rxb3
44.Bd5 Rd3 45.g3 Rd1+ 46.Kg2 Ne2 47.Re8 Rg1+ 48.Kf3 Nd4+ 49.Ke3 Ne6 50.Bxe6 fxe6
51.h4 a5 52.Rxe6 a4 53.Ra6 Ra1 54.Kf4 Ra2 55.f3 Ra1 56.h5 Kg8 57.Kf5 Ra3
58.Ra8+ Kf7 59.Ra7+ Kg8 60.Kf4 Ra1 61.g4 a3 62.Kf5 a2 63.f4 Kf8 64.Ke6 Kg8
65.Ra8+ Kh7 66.Kf5  1-0

[Event "Sydney International Open"]
[Site "Parramatta AUS"]
[Date "2012.04.13"]
[Round "5.8"]
[White "Xie,G"]
[Black "Wei,M"]
[Result "1-0"]
[WhiteElo "2456"]
[BlackElo "2130"]

1.d4 d5 2.c4 c6 3.Nc3 Nf6 4.Nf3 e6 5.e3 Nbd7 6.Qc2 Bd6 7.b3 O-O 8.Be2 Qe7
9.O-O dxc4 10.bxc4 e5 11.Rb1 Re8 12.Re1 Rb8 13.h3 a6 14.c5 Bc7 15.Ba3 Nf8
16.Bc4 Be6 17.Bd3 N8d7 18.Ng5 g6 19.Nxe6 Qxe6 20.Ne2 e4 21.Bc4 Nd5 22.Rb3 a5
23.Nc3 Nxe3 24.Bxe6 Nxc2 25.Bxd7 Red8 26.Nxe4 Nxe1 27.Bb2 f5 28.Be6+ Kf8
29.Nf6 Ke7 30.d5 cxd5 31.Bxd5 f4 32.Kf1 Nc2 33.a3 b6 34.c6 Rd6 35.Be5 Rxf6
36.Bxc7 Rc8 37.Bxb6 a4 38.Rc3 Na1 39.Bc5+ Kd8 40.Bd4 Rd6 41.Bb6+ Ke8 42.Bc4 Ra8
43.Bb5 Kf7 44.Rc4 g5 45.Bxa4 Rxa4 46.Rxa4 Rxc6 47.Bd8 h6 48.Ra7+ Ke6 49.Rc7 Rd6
50.Be7 Ra6 51.Bf8 Kf5 52.Rc3 Rb6 53.Bb4 Re6 54.f3 Ra6 55.Ke2 h5 56.Kd2 h4
57.Kc1 Re6 58.Kb2 Re2+ 59.Kxa1 Rxg2 60.a4 Rh2 61.a5 Rxh3 62.a6 g4 63.Rc5+ Ke6
64.a7  1-0

[Event "Karposh Open 2012"]
[Site "Skopje MKD"]
[Date "2012.04.13"]
[Round "8.11"]
[White "Georgiev,Vl"]
[Black "Berescu,A"]
[Result "1-0"]
[WhiteElo "2531"]
[BlackElo "2494"]

1.d4 d5 2.c4 e6 3.Nc3 c6 4.e3 Nf6 5.Nf3 Nbd7 6.Qc2 b6 7.Bd3 Bb7 8.O-O Be7
9.b3 O-O 10.Bb2 h6 11.Qe2 Rc8 12.Rad1 Qc7 13.Ne5 Rcd8 14.f4 c5 15.Bb1 cxd4
16.exd4 Bb4 17.Nb5 Qb8 18.a3 Bd6 19.Kh1 a6 20.Nxd6 Qxd6 21.c5 bxc5 22.dxc5 Nxc5
23.Ng4 Nfe4 24.b4 Na4 25.Nxh6+ Kh7 26.Bxe4+ f5 27.Be5 Qd7 28.Nxf5 exf5 29.Bc2 Rde8
30.Rd3 Re6 31.Rg3 Nb6 32.Qh5+ Rh6 33.Qg5 g6 34.Qxh6+  1-0

[Event "Karposh Open 2012"]
[Site "Skopje MKD"]
[Date "2012.04.13"]
[Round "8.13"]
[White "Blagojevic,Dr"]
[Black "Krivokapic,M"]
[Result "1/2-1/2"]
[WhiteElo "2523"]
[BlackElo "2415"]

1.d4 d5 2.c4 c6 3.Nc3 e6 4.e3 Nf6 5.Nf3 Nbd7 6.Bd3 dxc4 7.Bxc4 b5 8.Be2 Bb7
9.O-O a6 10.e4 c5 11.e5 Nd5 12.a4 b4 13.Ne4 h6 14.Nfd2 Be7 15.Nc4 O-O 16.Ncd6 Bc6
17.Nxc5 Bxd6 18.exd6 Nb8 19.Bd3 Qxd6 20.Qg4 Nf6 21.Qf4 Rd8 22.Qxd6 Rxd6 23.Rd1 Nd5
24.a5 Bb5 25.Bxb5 axb5 26.Bd2 Nc6 27.Nb3 Ra6 28.Rdc1 Rd8 29.Rc5  1/2-1/2

[Event "Schachbundesliga 2011-12"]
[Site "Baden Baden GER"]
[Date "2012.04.14"]
[Round "14"]
[White "Medvegy,Z"]
[Black "Kasimdzhanov,R"]
[Result "1/2-1/2"]
[WhiteElo "2531"]
[BlackElo "2678"]

1.c4 c6 2.Nc3 d5 3.e3 Nf6 4.d4 e6 5.Nf3 Nbd7 6.Qc2 g6 7.Be2 Bg7 8.O-O O-O
9.b3 b6 10.Bb2 Bb7 11.Rfd1 Rc8 12.e4 dxe4 13.Nxe4 Nxe4 14.Qxe4 Qc7 15.Qc2 c5
16.dxc5 bxc5 17.Bxg7 Kxg7 18.Qc3+ e5 19.a3 a5 20.b4 axb4 21.axb4 cxb4 22.Qxb4 Nc5
23.Ra5 Bxf3 24.Bxf3 Nb3 25.Ra4 Rb8 26.Qe1 Nd4 27.Bd5 Rb2 28.g3 Rfb8 29.Rda1 Qd6
30.Ra6 Qxd5 31.cxd5 Nf3+ 32.Kg2 Nxe1+ 33.Rxe1 Rd2 34.Ra3 Rbb2 35.Rf3 Rxd5
36.g4 Rb4 37.h3 e4 38.Rfe3 f5 39.gxf5 gxf5 40.f3 Re5 41.Kg3 Kf6 42.Ra1 Rd5
43.fxe4 fxe4 44.Ra8 Rd3 45.Rxd3 exd3 46.Rd8 Rb3 47.Kf4 d2  1/2-1/2

[Event "19th TCh-RUS 2012"]
[Site "Sochi RUS"]
[Date "2012.04.14"]
[Round "6"]
[White "Predke,A"]
[Black "Ananikian,A"]
[Result "1/2-1/2"]
[WhiteElo "2461"]
[BlackElo "2096"]

1.d4 d5 2.c4 c6 3.Nc3 Nf6 4.e3 e6 5.Nf3 Nbd7 6.Qc2 Bd6 7.Bd3 dxc4 8.Bxc4 O-O
9.O-O e5 10.h3 exd4 11.exd4 Nb6 12.Bd3 h6 13.Re1 Nbd5 14.a3 Re8 15.Ne5 Qb6
16.Qd1 Bf8 17.Re2 Be6 18.Bc2 Rad8 19.Qd3 Ne7 20.Qg3 Bf5 21.Ba4 g6 22.Be3 Ned5
23.Qf3 Bg7 24.Rae1 Re7 25.Bc2 Bxc2 26.Rxc2 Nxe3 27.fxe3 Nd5 28.Nc4 Qb3 29.Nxd5 cxd5
30.Rc3 Qb5 31.Ne5 Bxe5 32.dxe5 Qxb2 33.Rec1 Rde8 34.Qxd5 Rxe5 35.Qb3 Qxb3
36.Rxb3 R8e7 37.Kf2 Rd5 38.Ke2 Red7 39.Rc2 f5 40.Rb4 Kg7 41.a4 Kf6 42.Kf3 Re5
43.Rc8 Rde7 44.Rb3 b6 45.Rf8+ Kg7 46.Rc8 Re4 47.Ra3 a5 48.Rb3 R7e6 49.Rc7+ Kf6
50.Rb7 Rxa4 51.R3xb6 Rxb6 52.Rxb6+ Kg5 53.g3 Rb4 54.Ra6 Rb5 55.Ra8 Kh5 56.Ra7 Kg5
57.Ra8 Kf6 58.Ra6+ Kf7 59.Ra7+ Kf6  1/2-1/2

[Event "ch-FRA Juniors 2012"]
[Site "Nimes FRA"]
[Date "2012.04.16"]
[Round "4.1"]
[White "Ollier,P"]
[Black "Buscara,S"]
[Result "1-0"]
[WhiteElo "2278"]
[BlackElo "2318"]

1.d4 d5 2.c4 c6 3.Nc3 Nf6 4.e3 e6 5.Nf3 Nbd7 6.Qc2 Bd6 7.g4 h6 8.Bd2 O-O
9.g5 hxg5 10.Nxg5 c5 11.Rg1 Nb6 12.O-O-O Bd7 13.Rg2 cxd4 14.exd4 e5 15.Be2 Qc8
16.Rdg1 Bf5 17.Bd3 e4 18.Ngxe4 dxe4 19.Nxe4 Bxe4 20.Rxg7+ Kh8 21.Bxe4 Qxc4
22.Bc3 Rg8 23.Qd2  1-0

[Event "IV ch-IberoAmerican GpC"]
[Site "Quito ECU"]
[Date "2012.04.17"]
[Round "5.1"]
[White "Infante,M"]
[Black "Zambrana,O"]
[Result "1/2-1/2"]
[WhiteElo "2314"]
[BlackElo "2492"]

1.Nf3 Nf6 2.c4 e6 3.Nc3 d5 4.d4 c6 5.e3 Nbd7 6.Qc2 Bd6 7.b3 O-O 8.Be2 b6
9.Bb2 Bb7 10.O-O c5 11.cxd5 exd5 12.Qf5 Qe7 13.Nb5 Bb8 14.Rac1 a6 15.Nc3 Bd6
16.Rfd1 Qe6 17.Bd3 h6 18.Ne2 Rfe8 19.Nf4 Qxf5 20.Bxf5 Bxf4 21.exf4 Re2 22.Rd2 Rae8
23.Kf1 Rxd2 24.Nxd2 g6 25.Bd3 Nh5 26.g3 Ng7 27.Re1 Rxe1+ 28.Kxe1 f5 29.Nf3 Ne6
30.Kd2 Kf7 31.Ke3 Ke7 32.Ne5 Nxe5 33.fxe5 h5 34.f4 Kf7 35.h3 Bc8 36.Be2 Bb7
37.a3 a5 38.Bc3  1/2-1/2

[Event "Russian Juniors 2012"]
[Site "Sochi RUS"]
[Date "2012.04.17"]
[Round "1"]
[White "Shimanov,A"]
[Black "Fedoseev,Vl3"]
[Result "1-0"]
[WhiteElo "2591"]
[BlackElo "2548"]

1.d4 d5 2.c4 e6 3.Nc3 c6 4.e3 Nf6 5.Nf3 Nbd7 6.Qc2 b6 7.Bd3 Bb7 8.O-O Be7
9.b3 O-O 10.Bb2 Rc8 11.Qe2 Bd6 12.e4 c5 13.Rad1 cxd4 14.Nxd4 Be5 15.Bc2 Qc7
16.g3 dxc4 17.Ncb5 Qb8 18.bxc4 a6 19.Nc3 Rfe8 20.f4 Bxd4+ 21.Rxd4 e5 22.fxe5 Qxe5
23.Qd2 Nc5 24.Rf5 Qe6 25.e5 Qc6 26.Nd5 Nfd7 27.Rh5 Nxe5 28.Bxh7+ Kf8 29.Rf4 Qd6
30.Bf5 Bxd5 31.Bxc8 g5 32.Rh8+ Ke7 33.Rxe8+ Kxe8 34.Bxe5 Qxe5 35.Rf5  1-0

[Event "14th Dubai Open 2012"]
[Site "Dubai UAE"]
[Date "2012.04.18"]
[Round "4.8"]
[White "Zhou Weiqi"]
[Black "Gopal,G"]
[Result "1/2-1/2"]
[WhiteElo "2628"]
[BlackElo "2572"]

1.d4 d5 2.c4 c6 3.Nc3 Nf6 4.e3 e6 5.Nf3 Nbd7 6.Qc2 Bd6 7.Bd3 O-O 8.O-O dxc4
9.Bxc4 b5 10.Be2 Bb7 11.Rd1 Qb8 12.e4 e5 13.Bg5 exd4 14.Rxd4 c5 15.Rd2 b4
16.Rad1 Bxh2+ 17.Nxh2 bxc3 18.bxc3 Bxe4 19.Bd3 Bxd3 20.Qxd3 Re8 21.Qh3 Qe5
22.Nf3 Qxc3 23.Rxd7 Nxd7 24.Qxd7 Qc2 25.Qd5 Rab8 26.Be3 Rb1 27.Rxb1 Qxb1+
28.Kh2 Qb8+ 29.g3 Qa8 30.Qxa8 Rxa8 31.Bxc5 Rc8 32.Bxa7 Ra8 33.Bd4 Rxa2 34.g4 f6
35.Kg3 Ra5 36.Be3 Kf7 37.Kf4 g5+ 38.Kg3 Kg6 39.Nd4 h5 40.f3 hxg4 41.fxg4 Rd5  1/2-1/2

[Event "TCh-AUT 1st Bundesliga 2012"]
[Site "Jenbach AUT"]
[Date "2012.04.19"]
[Round "8.4"]
[White "Tratar,M"]
[Black "Schenk,An"]
[Result "1/2-1/2"]
[WhiteElo "2499"]
[BlackElo "2499"]

1.Nf3 d5 2.d4 Nf6 3.c4 e6 4.Nc3 c6 5.e3 Nbd7 6.Qc2 Bd6 7.Bd3 dxc4 8.Bxc4 O-O
9.O-O a6 10.Rd1 c5 11.dxc5 Bxc5 12.Bd3 b6 13.Ne4 Qe7 14.Bd2 Bb7 15.Bc3 Rac8
16.Nxf6+ Nxf6 17.Qe2 a5 18.Ba6 Ne4 19.Bd4 h6 20.Bxb7 Qxb7 21.Rac1 Bxd4 22.Nxd4 Rxc1
23.Rxc1 Rc8 24.Qd1 Rxc1 25.Qxc1 Nc5 26.Qc2 Qd5 27.b3 g6 28.h3 Kf8 29.Ne2 Qd3
30.Qxd3 Nxd3  1/2-1/2

[Event "TCh-AUT 1st Bundesliga 2012"]
[Site "Jenbach AUT"]
[Date "2012.04.19"]
[Round "8.3"]
[White "Pinter,J"]
[Black "Pavasovic,D"]
[Result "1/2-1/2"]
[WhiteElo "2546"]
[BlackElo "2557"]

1.d4 d5 2.c4 e6 3.Nc3 c6 4.Nf3 Nf6 5.e3 Nbd7 6.Bd3 dxc4 7.Bxc4 b5 8.Bd3 a6
9.O-O c5 10.a4 b4 11.Ne4 Bb7 12.Ned2 Be7 13.Qe2 Qc7 14.Rd1 O-O 15.Nc4 Rfd8
16.Bd2 Be4 17.Bxe4 Nxe4 18.Rdc1 a5 19.Be1 Qb7 20.Nfe5 Nef6 21.Qf3 Qxf3 22.gxf3 Ra6
23.Rd1 Rc8 24.Rac1 cxd4 25.exd4 Nxe5 26.dxe5 Nd5 27.Bd2 h6 28.Kf1 g5 29.Ne3 Rd8
30.Nc4 Rc8 31.b3 Kg7 32.Ke2 f6 33.f4 gxf4 34.Rg1+ Kh7 35.Kf3 fxe5 36.Nxe5 Rxc1
37.Rxc1 Bd6 38.Nd3 Kg6 39.Nxf4+ Nxf4 40.Bxf4 Bxf4 41.Kxf4 Rd6 42.Rc5 Rd3
43.Rxa5 Rxb3 44.Rb5 Rb1 45.a5 b3 46.a6 Ra1 47.Rxb3 Rxa6 48.Rg3+  1/2-1/2

[Event "TCh-AUT 1st Bundesliga 2012"]
[Site "Jenbach AUT"]
[Date "2012.04.20"]
[Round "9.2"]
[White "Farago,I"]
[Black "Buhmann,R"]
[Result "0-1"]
[WhiteElo "2497"]
[BlackElo "2617"]

1.d4 d5 2.c4 c6 3.Nc3 Nf6 4.e3 e6 5.Nf3 a6 6.Qc2 c5 7.cxd5 exd5 8.Be2 Nc6
9.O-O Be6 10.Rd1 Nb4 11.Qb1 Qc8 12.Bd2 Bf5 13.Qc1 c4 14.a3 Nd3 15.Bxd3 Bxd3
16.Ne5 Bg6 17.e4 dxe4 18.Re1 Be7 19.Nxg6 hxg6 20.Nxe4 O-O 21.Bg5 b5 22.Nxf6+ Bxf6
23.Bxf6 gxf6 24.Qf4 Qc6 25.h4 Rad8 26.Rad1 Rd5 27.Re7 Qd6 28.Qe3 Kg7 29.g3 Rd8
30.Ra7 Rd7 31.Ra8 Rd8 32.Ra7 Qc6 33.Rd2 R8d7 34.Rxd7 Qxd7 35.Qe4 Qe6 36.Qb1 Qg4
37.Qd1 Qe4 38.Kh2 a5 39.Kg1 b4 40.axb4 axb4 41.Kh2 f5 42.f4 c3 43.bxc3 bxc3
44.Rd3 Rb5  0-1

[Event "ch-ISL 2012"]
[Site "Kopavogur ISL"]
[Date "2012.04.20"]
[Round "8"]
[White "Jensson,E"]
[Black "Bjornsson,Si"]
[Result "1-0"]
[WhiteElo "2245"]
[BlackElo "2393"]

1.d4 d5 2.c4 c6 3.Nf3 Nf6 4.Nc3 e6 5.e3 Nbd7 6.Qc2 Bd6 7.g4 dxc4 8.Bxc4 e5
9.g5 Nd5 10.Bd2 exd4 11.Ne4 Be7 12.Nxd4 N7b6 13.Be2 O-O 14.Rg1 Nb4 15.Qb1 c5
16.Bxb4 cxb4 17.Qd3 Na4 18.O-O-O Nc5 19.Nxc5 Bxc5 20.Kb1 a5 21.h4 a4 22.Bf3 Qe7
23.h5 Ra6 24.Be4 g6 25.Bd5 Bxd4 26.Qxd4 Be6 27.e4 gxh5 28.Rh1 Re8 29.Rxh5 Bxd5
30.exd5 Qe4+ 31.Qxe4 Rxe4 32.d6 Re8 33.Rh4 Rb6 34.Re4 Rd8 35.d7 Kf8 36.b3 a3
37.f4 f6 38.Rd5 fxg5 39.Rf5+ Kg7 40.Re7+ Kg6 41.Rxg5+ Kf6 42.Rxh7 Rc6 43.Rd5 Ke6
44.Rd3 Rc7 45.Rd4 Kf5 46.Rh5+ Ke6 47.Rhd5 Kf6 48.f5 Kg5 49.Rd1 Kf6 50.R1d2 Rc6
51.Re2 Kf7 52.Rh2 Kg7 53.Rh4 Rc7 54.Rhd4 Kf6 55.Rd2 Rc6 56.Rc2 Rb6 57.Rc4 Ke7
58.Re4+ Kf7 59.Kc2 Rc6+ 60.Rc4 Rh6 61.Rd2 Rf6 62.Rxb4 Rxf5 63.Rxb7 Rc5+ 64.Kb1 Ra5
65.Rb4  1-0